LEADER 03521nam 22006972 450 001 9910790489003321 005 20151005020621.0 010 $a1-139-54024-6 010 $a1-107-23600-2 010 $a1-283-52214-4 010 $a1-139-52745-2 010 $a9786613834591 010 $a1-139-15089-8 010 $a1-139-52625-1 010 $a1-139-53211-1 010 $a1-139-53092-5 010 $a1-139-52864-5 035 $a(CKB)2670000000231648 035 $a(EBL)977199 035 $a(OCoLC)804664891 035 $a(SSID)ssj0000695113 035 $a(PQKBManifestationID)11414183 035 $a(PQKBTitleCode)TC0000695113 035 $a(PQKBWorkID)10675485 035 $a(PQKB)10026136 035 $a(UkCbUP)CR9781139150897 035 $a(MiAaPQ)EBC977199 035 $a(Au-PeEL)EBL977199 035 $a(CaPaEBR)ebr10583296 035 $a(CaONFJC)MIL383459 035 $a(EXLCZ)992670000000231648 100 $a20110901d2012|||| uy| 0 101 0 $aeng 135 $aur||||||||||| 181 $ctxt$2rdacontent 182 $cc$2rdamedia 183 $acr$2rdacarrier 200 10$aChina's security state $ephilosophy, evolution, and politics /$fXuezhi Guo$b[electronic resource] 210 1$aCambridge :$cCambridge University Press,$d2012. 215 $a1 online resource (xiv, 486 pages) $cdigital, PDF file(s) 300 $aTitle from publisher's bibliographic system (viewed on 05 Oct 2015). 311 $a1-107-68884-1 311 $a1-107-02323-8 320 $aIncludes bibliographical references and index. 327 $aHistorical evolution of public security organizations -- From the Social Affairs Department to the Ministry of Public Security -- Leading central security agency: Central Guard Bureau -- Elite security force: Central Guard Regiment -- Armed police and its historical role in CCP politics -- People's Armed Police in the reform era -- Garrison commands -- CCP intelligence agencies and services in the revolutionary era -- The intelligence apparatus and services under the People's Republic of China -- The PLA, security services, and the elite politics. 330 $aChina's Security State describes the creation, evolution, and development of Chinese security and intelligence agencies as well as their role in influencing Chinese Communist Party politics throughout the party's history. Xuezhi Guo investigates patterns of leadership politics from the vantage point of security and intelligence organization and operation by providing new evidence and offering alternative interpretations of major events throughout Chinese Communist Party history. This analysis promotes a better understanding of the CCP's mechanisms for control over both Party members and the general population. This study specifies some of the broader implications for theory and research that can help clarify the nature of Chinese politics and potential future developments in the country's security and intelligence services. 606 $aNational security$zChina$xHistory 606 $aIntelligence service$zChina$xHistory 606 $aPolice$zChina$xHistory 615 0$aNational security$xHistory. 615 0$aIntelligence service$xHistory. 615 0$aPolice$xHistory. 676 $a355/.033051 686 $aPOL040020$2bisacsh 700 $aGuo$b Xuezhi$f1956-$01496111 801 0$bUkCbUP 801 1$bUkCbUP 906 $aBOOK 912 $a9910790489003321 996 $aChina's security state$93720611 997 $aUNINA LEADER 01859oas 22006013 450 001 9910873764503321 005 20250911213016.0 035 $a(OCoLC)849337149 035 $a(CONSER) 2013204082 035 $a(CKB)3710000000537020 035 $a(EXLCZ)993710000000537020 100 $a20130618a20119999 sy a 101 0 $aeng 135 $aur||||||||||| 181 $ctxt$2rdacontent 182 $cc$2rdamedia 183 $acr$2rdacarrier 200 10$a... IEEE International Workshop on Empirical Requirements Engineering 210 1$aPiscataway, NJ :$cIEEE,$d[2011]- 300 $aProceedings of workshop. 311 08$a2329-6348 517 1 $aEmpiRE ... 517 1 $aInternational Workshop on Empirical Requirements Engineering 531 0 $aIEEE Int. Workshop Empir. Requir. Eng. 606 $aSoftware engineering$vCongresses 606 $aRequirements engineering$vCongresses 606 $aGe?nie logiciel$vCongre?s 606 $aInge?nierie des exigences$vCongre?s 606 $aRequirements engineering$2fast$3(OCoLC)fst01743780 606 $aSoftware engineering$2fast$3(OCoLC)fst01124185 608 $aPeriodicals.$2fast 615 0$aSoftware engineering 615 0$aRequirements engineering 615 6$aGe?nie logiciel 615 6$aInge?nierie des exigences 615 7$aRequirements engineering. 615 7$aSoftware engineering. 676 $a005.1 712 02$aInstitute of Electrical and Electronics Engineers. 801 0$bDLC 801 1$bDLC 801 2$bOCLCA 801 2$bOCLCQ 801 2$bU3W 801 2$bOCLCF 801 2$bOCLCL 801 2$bUAB 801 2$bLVT 801 2$bCNCGM 906 $aCONFERENCE 912 $a9910873764503321 996 $a.. IEEE International Workshop on Empirical Requirements Engineering$92500182 997 $aUNINA